000
00304nam a22001337a 4500
008
170830b xxu||||| |||| 00| 0 eng d
020
_a
9780495570790
041
_a
eng
080
_2
2ND
_a
070
100
_a
40
101
_a
MED
245
_a
THE SPEAKER'S COMPACT HANDBOOK
_c
SPRAGUE,J
942
_2
udc
_c
BK
999
_c
25614
_d
25614